[Event "FIDE WYCC 2016 U18 girls"]
[Site "Khanty Mansiysk"]
[Date "2016.09.22"]
[Round "1.1"]
[White "Khomeriki, Nino"]
[Black "Wu, Min"]
[Result "1/2-1/2"]
[WhiteElo "2357"]
[BlackElo "1996"]
[Annotator "Reinhold Goldau"]
[PlyCount "145"]
[EventDate "2016.09.??"]
[EventType "swiss"]
[EventRounds "11"]
[EventCountry "RUS"]
[SourceTitle "Youth Database"]
[Source "CBase R.Goldau"]
[SourceDate "2000.03.01"]
[TimeControl "40/5400+30:1800+30"]

1. Nf3 {[%emt 0:00:00]} d5 {[%emt 0:00:00]} 2. g3 {[%emt 0:00:00]} Nf6 {
[%emt 0:00:00]} 3. Bg2 {[%emt 0:00:13]} Bf5 {[%emt 0:00:21]} 4. c4 {[%emt 0:00:
16]} e6 {[%emt 0:08:10]} 5. Qb3 Na6 {[%emt 0:00:48]} 6. d3 {[%emt 0:19:06]} Nc5
{[%emt 0:08:08]} 7. Qc2 {[%emt 0:01:05]} h6 {[%emt 0:10:08]} 8. O-O {[%emt 0:
01:22]} Be7 {[%emt 0:08:12]} 9. b4 {[%emt 0:05:20]} Ncd7 {[%emt 0:00:40]} 10.
cxd5 {[%emt 0:00:50]} Nxd5 {[%emt 0:08:54]} 11. Bb2 {[%emt 0:05:27]} N7f6 {
[%emt 0:17:14]} 12. e4 {[%emt 0:25:07]} Nxb4 {[%emt 0:00:38]} 13. Qa4+ {
[%emt 0:00:15]} b5 {[%emt 0:07:36]} 14. Qxb5+ {[%emt 0:00:26]} c6 {[%emt 0:00:
06]} 15. Qa4 {[%emt 0:01:03]} Bg4 {[%emt 0:08:54]} 16. Bc3 {[%emt 0:22:55]} Qb6
{[%emt 0:04:11]} 17. Na3 {[%emt 0:04:07]} Qa6 {[%emt 0:03:00]} 18. Qxa6 {
[%emt 0:01:09]} Nxa6 {[%emt 0:00:05]} 19. Nc4 {[%emt 0:00:14]} O-O {[%emt 0:04:
07]} 20. Nfe5 {[%emt 0:01:02]} Bb4 {[%emt 0:03:05]} 21. Rfc1 {[%emt 0:02:38]}
Be2 {[%emt 0:02:26]} 22. Nxc6 {[%emt 0:01:16]} Bc5 {[%emt 0:03:10]} 23. N4e5 {
[%emt 0:03:59]} Rac8 {[%emt 0:00:47]} 24. Bf1 {[%emt 0:03:22]} Bxf1 {[%emt 0:
00:20]} 25. Kxf1 {[%emt 0:00:01]} Rfe8 {[%emt 0:00:40]} 26. Ke2 {[%emt 0:00:14]
} h5 {[%emt 0:00:33]} 27. Rab1 {[%emt 0:01:01]} Ng4 {[%emt 0:00:26]} 28. Nxg4 {
[%emt 0:00:57]} hxg4 {[%emt 0:00:11]} 29. Ne5 {[%emt 0:00:07]} f5 {[%emt 0:00:
59]} 30. Nc4 {[%emt 0:00:57]} Red8 {[%emt 0:00:37]} 31. Be5 {[%emt 0:00:17]}
Nb4 {[%emt 0:00:23]} 32. d4 {[%emt 0:00:42]} Be7 {[%emt 0:00:25]} 33. a3 {
[%emt 0:00:20]} Nc6 {[%emt 0:00:19]} 34. a4 {[%emt 0:00:41]} Nxd4+ {[%emt 0:00:
17]} 35. Ke3 {[%emt 0:00:28]} Bc5 {[%emt 0:00:50]} 36. Bxd4 {[%emt 0:00:30]}
Rxd4 {[%emt 0:00:13]} 37. Ke2 {[%emt 0:00:20]} Rxe4+ {[%emt 0:00:45]} 38. Ne3 {
[%emt 0:00:01]} Rc7 {[%emt 0:00:23]} 39. Rb8+ {[%emt 0:01:01]} Kh7 {[%emt 0:00:
31]} 40. Rb5 {[%emt 0:00:00]} Bb6 {[%emt 0:00:00]} 41. Rxc7 {[%emt 0:07:05]}
Bxc7 {[%emt 0:00:55]} 42. Rb7 {[%emt 0:00:03]} Bb6 {[%emt 0:00:31]} 43. a5 {
[%emt 0:00:11]} Bxa5 {[%emt 0:03:16]} 44. Rxa7 {[%emt 0:00:06]} Bb6 {[%emt 0:
03:06]} 45. Ra6 {[%emt 0:05:42]} Bc5 {[%emt 0:06:05]} 46. Rc6 {[%emt 0:00:42]}
Bxe3 {[%emt 0:05:27]} 47. fxe3 {[%emt 0:00:05]} Kg6 {[%emt 0:00:24]} 48. Kf2 {
[%emt 0:01:31]} Kf6 {[%emt 0:00:33]} 49. Rc5 {[%emt 0:00:59]} Ra4 {[%emt 0:00:
51]} 50. Rc2 {[%emt 0:00:32]} g5 {[%emt 0:05:17]} 51. Rb2 {[%emt 0:00:40]} Ke5
{[%emt 0:01:02]} 52. Ke2 {[%emt 0:02:57]} Ke4 {[%emt 0:00:54]} 53. Rc2 {
[%emt 0:00:13]} e5 {[%emt 0:00:28]} 54. Rb2 {[%emt 0:00:11]} f4 {[%emt 0:00:55]
} 55. gxf4 {[%emt 0:00:11]} gxf4 {[%emt 0:00:14]} 56. exf4 {[%emt 0:00:04]}
Kxf4 {[%emt 0:02:41]} 57. Kf2 {[%emt 0:10:09]} e4 {[%emt 0:02:11]} 58. Kg2 {
[%emt 0:03:02]} Rd4 {[%emt 0:00:32]} 59. Rf2+ {[%emt 0:04:00]} Ke3 {[%emt 0:01:
16]} 60. Kg3 {[%emt 0:00:06]} Rd2 {[%emt 0:00:25]} 61. Rf8 {[%emt 0:00:49]} Kd3
{[%emt 0:01:26]} 62. Rd8+ {[%emt 0:00:29]} Ke2 {[%emt 0:01:50]} 63. Re8 {
[%emt 0:00:05]} e3 {[%emt 0:00:59]} 64. Kxg4 {[%emt 0:00:05]} Rd4+ {[%emt 0:00:
21]} 65. Kg3 {[%emt 0:01:21]} Rd7 {[%emt 0:00:39]} 66. h4 {[%emt 0:01:58]} Rg7+
{[%emt 0:00:09]} 67. Kf4 {[%emt 0:00:15]} Kf2 {[%emt 0:01:07]} 68. h5 {[%emt 0:
00:04]} e2 {[%emt 0:00:31]} 69. Kf5 {[%emt 0:00:27]} e1=Q {[%emt 0:00:20]} 70.
Rxe1 {[%emt 0:00:03]} Kxe1 {[%emt 0:00:04]} 71. h6 {[%emt 0:00:05]} Rh7 {
[%emt 0:01:05]} 72. Kg6 {[%emt 0:00:05]} Rxh6+ {[%emt 0:00:03]} 73. Kxh6
1/2-1/2

[Event "FIDE WYCC 2016 U18 girls"]
[Site "Khanty Mansiysk"]
[Date "2016.09.22"]
[Round "1.2"]
[White "Krasnokutskaya, Sofiya"]
[Black "Tsolakidou, Stavroula"]
[Result "0-1"]
[WhiteElo "2086"]
[BlackElo "2355"]
[Annotator "Reinhold Goldau"]
[PlyCount "104"]
[EventDate "2016.09.??"]
[EventType "swiss"]
[EventRounds "11"]
[EventCountry "RUS"]
[SourceTitle "Youth Database"]
[Source "CBase R.Goldau"]
[SourceDate "2000.03.01"]
[TimeControl "40/5400+30:1800+30"]

1. e4 {[%emt 0:00:00]} c5 {[%emt 0:00:00]} 2. Nf3 {[%emt 0:00:00]} d6 {[%emt 0:
00:00]} 3. Bb5+ {[%emt 0:00:00]} Nd7 {[%emt 0:00:00]} 4. O-O {[%emt 0:00:29]}
a6 {[%emt 0:00:07]} 5. Bd3 {[%emt 0:00:18]} Ngf6 {[%emt 0:01:55]} 6. c3 {
[%emt 0:01:10]} b5 {[%emt 0:00:39]} 7. Bc2 {[%emt 0:05:26]} Bb7 {[%emt 0:00:10]
} 8. Re1 {[%emt 0:00:15]} c4 {[%emt 0:03:02]} 9. b4 {[%emt 0:13:46]} e6 {
[%emt 0:19:07]} 10. d3 {[%emt 0:09:22]} cxd3 {[%emt 0:01:47]} 11. Qxd3 {
[%emt 0:03:12]} Nb6 {[%emt 0:03:56]} 12. Bg5 {[%emt 0:07:33]} Rc8 {[%emt 0:08:
06]} 13. Bb3 {[%emt 0:09:24]} Be7 {[%emt 0:06:06]} 14. Nbd2 {[%emt 0:05:24]}
O-O {[%emt 0:05:37]} 15. Rac1 {[%emt 0:07:25]} Rc7 {[%emt 0:06:23]} 16. Qd4 {
[%emt 0:08:32]} Nfd7 {[%emt 0:09:49]} 17. Bxe7 {[%emt 0:01:52]} Qxe7 {[%emt 0:
00:04]} 18. c4 {[%emt 0:04:14]} Rfc8 {[%emt 0:08:11]} 19. Rc2 {[%emt 0:03:25]}
bxc4 {[%emt 0:06:31]} 20. Nxc4 {[%emt 0:02:04]} Nxc4 {[%emt 0:02:28]} 21. Rxc4
{[%emt 0:01:02]} Rxc4 {[%emt 0:01:40]} 22. Bxc4 {[%emt 0:00:05]} Ne5 {[%emt 0:
00:42]} 23. Be2 {[%emt 0:04:34]} Rc2 {[%emt 0:02:27]} 24. Nxe5 {[%emt 0:07:48]}
dxe5 {[%emt 0:00:05]} 25. Qxe5 {[%emt 0:01:12]} Qxb4 {[%emt 0:00:41]} 26. Rd1 {
[%emt 0:00:09]} h6 {[%emt 0:05:24]} 27. Bf3 {[%emt 0:02:15]} Qb6 {[%emt 0:02:
26]} 28. Qb8+ {[%emt 0:01:16]} Kh7 {[%emt 0:00:50]} 29. Qg3 {[%emt 0:00:14]}
Rxa2 {[%emt 0:02:09]} 30. e5 {[%emt 0:00:31]} Rb2 {[%emt 0:02:16]} 31. Bxb7 {
[%emt 0:01:01]} Qxb7 {[%emt 0:00:04]} 32. Qd3+ {[%emt 0:00:18]} g6 {[%emt 0:00:
07]} 33. h3 {[%emt 0:00:11]} Rb5 {[%emt 0:01:00]} 34. Qc3 {[%emt 0:00:52]} Rb1
{[%emt 0:01:25]} 35. Rxb1 {[%emt 0:00:04]} Qxb1+ {[%emt 0:00:04]} 36. Kh2 {
[%emt 0:00:02]} Qb5 {[%emt 0:01:18]} 37. f4 {[%emt 0:01:38]} Qa4 {[%emt 0:01:
13]} 38. Kg3 {[%emt 0:00:42]} Kg7 {[%emt 0:00:28]} 39. Qc5 {[%emt 0:00:21]} g5
{[%emt 0:00:39]} 40. fxg5 {[%emt 0:00:00]} hxg5 {[%emt 0:00:00]} 41. Kf2 {
[%emt 0:06:45]} a5 {[%emt 0:05:42]} 42. Kg1 {[%emt 0:02:46]} Qb4 {[%emt 0:02:
30]} 43. Qe3 {[%emt 0:02:11]} Qf4 {[%emt 0:01:25]} 44. Qc3 {[%emt 0:04:07]} a4
{[%emt 0:02:10]} 45. Kh1 {[%emt 0:08:12]} Qe4 {[%emt 0:02:41]} 46. Qb2 {
[%emt 0:04:40]} Qe3 {[%emt 0:03:56]} 47. Qa1 {[%emt 0:03:02]} a3 {[%emt 0:03:
04]} 48. Kh2 {[%emt 0:01:03]} Qc5 {[%emt 0:02:08]} 49. Kh1 {[%emt 0:01:09]} Qa5
{[%emt 0:02:32]} 50. Qc1 {[%emt 0:01:36]} a2 {[%emt 0:00:42]} 51. Qa1 {[%emt 0:
01:04]} Qa4 {[%emt 0:00:40]} 52. Kh2 {[%emt 0:00:35]} Kg6 {[%emt 0:00:58]} 0-1

[Event "FIDE WYCC 2016 U18 girls"]
[Site "Khanty Mansiysk"]
[Date "2016.09.22"]
[Round "1.3"]
[White "Lingur, Zalina"]
[Black "Unuk, Laura"]
[Result "1-0"]
[WhiteElo "1986"]
[BlackElo "2332"]
[Annotator "Reinhold Goldau"]
[PlyCount "85"]
[EventDate "2016.09.??"]
[EventType "swiss"]
[EventRounds "11"]
[EventCountry "RUS"]
[SourceTitle "Youth Database"]
[Source "CBase R.Goldau"]
[SourceDate "2000.03.01"]
[TimeControl "40/5400+30:1800+30"]

1. c4 {[%emt 0:00:00]} Nf6 {[%emt 0:01:04]} 2. Nc3 {[%emt 0:00:00]} c5 {
[%emt 0:00:58]} 3. e4 {[%emt 0:00:00]} Nc6 {[%emt 0:00:28]} 4. g3 {[%emt 0:01:
46]} g6 {[%emt 0:02:19]} 5. Bg2 {[%emt 0:00:02]} Bg7 {[%emt 0:00:12]} 6. Nge2 {
[%emt 0:00:14]} d6 {[%emt 0:01:47]} 7. d3 {[%emt 0:03:12]} O-O {[%emt 0:02:58]}
8. O-O {[%emt 0:00:05]} a6 {[%emt 0:00:37]} 9. h3 {[%emt 0:02:17]} Rb8 {
[%emt 0:00:57]} 10. a4 {[%emt 0:00:25]} Ne8 {[%emt 0:03:57]} 11. Be3 {[%emt 0:
06:41]} Nc7 {[%emt 0:04:01]} 12. d4 {[%emt 0:03:33]} cxd4 {[%emt 0:14:53]} 13.
Nxd4 {[%emt 0:01:04]} Ne6 {[%emt 0:01:46]} 14. Nde2 {[%emt 0:02:12]} Nc5 {
[%emt 0:05:16]} 15. Rb1 {[%emt 0:14:52]} Nb4 {[%emt 0:12:49]} 16. Bd4 {[%emt 0:
19:41]} Bd7 {[%emt 0:02:04]} 17. Bxg7 {[%emt 0:07:14]} Kxg7 {[%emt 0:00:24]}
18. Nd4 {[%emt 0:00:08]} Qc8 {[%emt 0:03:46]} 19. Kh2 {[%emt 0:02:34]} Ncd3 {
[%emt 0:00:40]} 20. b3 {[%emt 0:05:52]} Qc5 {[%emt 0:01:05]} 21. Nc2 {[%emt 0:
01:31]} b5 {[%emt 0:00:37]} 22. Nxb4 {[%emt 0:01:52]} Nxb4 {[%emt 0:00:18]} 23.
axb5 {[%emt 0:01:24]} axb5 {[%emt 0:03:51]} 24. Rc1 {[%emt 0:09:03]} bxc4 {
[%emt 0:06:26]} 25. bxc4 {[%emt 0:00:35]} Rfc8 {[%emt 0:00:50]} 26. Nd5 {
[%emt 0:04:13]} e6 {[%emt 0:00:21]} 27. Ne3 {[%emt 0:00:43]} Nc6 {[%emt 0:01:
09]} 28. Qd2 {[%emt 0:01:20]} Nd4 {[%emt 0:03:49]} 29. Rcd1 {[%emt 0:05:53]} e5
{[%emt 0:01:57]} 30. f4 {[%emt 0:00:04]} Rb3 {[%emt 0:03:05]} 31. fxe5 {
[%emt 0:03:49]} dxe5 {[%emt 0:00:10]} 32. Qf2 {[%emt 0:00:14]} Qe7 {[%emt 0:03:
30]} 33. Nd5 {[%emt 0:00:29]} Qe6 {[%emt 0:00:14]} 34. Rxd4 {[%emt 0:01:20]}
exd4 {[%emt 0:02:54]} 35. Qxd4+ {[%emt 0:00:04]} Kh6 {[%emt 0:00:54]} 36. Qd2+
{[%emt 0:00:38]} Kg7 {[%emt 0:00:30]} 37. Qd4+ {[%emt 0:00:11]} Kh6 {[%emt 0:
00:05]} 38. Rf4 {[%emt 0:03:05]} f6 {[%emt 0:03:22]} 39. Rxf6 {[%emt 0:00:29]}
Qe8 {[%emt 0:01:11]} 40. Rf4 {[%emt 0:00:00]} g5 {[%emt 0:00:00]} 41. Rf6+ {
[%emt 0:02:40]} Kh5 {[%emt 0:01:59]} 42. Nf4+ {[%emt 0:02:38]} gxf4 {[%emt 0:
00:25]} 43. Qd5+ {[%emt 0:00:16]} 1-0

[Event "FIDE WYCC 2016 U18 girls"]
[Site "Khanty Mansiysk"]
[Date "2016.09.22"]
[Round "1.4"]
[White "Obolentseva, Alexandra"]
[Black "Yakimenko, Anastasia"]
[Result "1-0"]
[WhiteElo "2331"]
[BlackElo "1983"]
[Annotator "Reinhold Goldau"]
[PlyCount "81"]
[EventDate "2016.09.??"]
[EventType "swiss"]
[EventRounds "11"]
[EventCountry "RUS"]
[SourceTitle "Youth Database"]
[Source "CBase R.Goldau"]
[SourceDate "2000.03.01"]
[TimeControl "40/5400+30:1800+30"]

1. d4 {[%emt 0:00:00]} c5 {[%emt 0:00:00]} 2. d5 {[%emt 0:00:00]} d6 {[%emt 0:
00:14]} 3. c4 {[%emt 0:00:16]} g6 {[%emt 0:02:06]} 4. e4 {[%emt 0:01:03]} Nf6 {
[%emt 0:01:00]} 5. Nc3 {[%emt 0:00:06]} Bg7 {[%emt 0:01:42]} 6. Nge2 {[%emt 0:
00:42]} Na6 {[%emt 0:11:08]} 7. Ng3 {[%emt 0:00:22]} Nc7 {[%emt 0:02:14]} 8.
Be2 {[%emt 0:00:21]} b6 {[%emt 0:02:25]} 9. O-O {[%emt 0:00:25]} Ba6 {[%emt 0:
02:46]} 10. Re1 {[%emt 0:05:16]} Qd7 {[%emt 0:06:52]} 11. a4 {[%emt 0:12:24]}
h5 {[%emt 0:08:21]} 12. f3 {[%emt 0:01:32]} h4 {[%emt 0:04:54]} 13. Nh1 {
[%emt 0:01:04]} Nh5 {[%emt 0:04:50]} 14. Be3 {[%emt 0:01:40]} Be5 {[%emt 0:07:
19]} 15. Qd2 {[%emt 0:01:15]} O-O {[%emt 0:07:08]} 16. f4 {[%emt 0:01:41]} Bg7
{[%emt 0:02:33]} 17. Nf2 {[%emt 0:06:33]} Ne8 {[%emt 0:03:55]} 18. b3 {[%emt 0:
05:27]} Nhf6 {[%emt 0:09:00]} 19. e5 {[%emt 0:03:14]} Nh7 {[%emt 0:05:38]} 20.
Bg4 {[%emt 0:03:19]} Qd8 {[%emt 0:00:42]} 21. Nd3 {[%emt 0:00:49]} Bc8 {
[%emt 0:01:12]} 22. Qe2 {[%emt 0:01:46]} f5 {[%emt 0:01:33]} 23. Bf3 {[%emt 0:
01:54]} Rb8 {[%emt 0:02:10]} 24. Rad1 {[%emt 0:04:56]} b5 {[%emt 0:03:52]} 25.
Nxb5 {[%emt 0:02:47]} a6 {[%emt 0:00:09]} 26. Na7 {[%emt 0:00:16]} Rxb3 {
[%emt 0:01:43]} 27. Nc6 {[%emt 0:00:07]} Qc7 {[%emt 0:01:46]} 28. Qc2 {[%emt 0:
00:17]} Rb6 {[%emt 0:01:22]} 29. Bd2 {[%emt 0:00:27]} Rxc6 {[%emt 0:00:48]} 30.
dxc6 {[%emt 0:00:06]} dxe5 {[%emt 0:03:27]} 31. fxe5 {[%emt 0:00:10]} g5 {
[%emt 0:00:24]} 32. Nxc5 {[%emt 0:00:53]} Bxe5 {[%emt 0:00:50]} 33. Bd5+ {
[%emt 0:00:05]} e6 {[%emt 0:00:59]} 34. Bxe6+ {[%emt 0:00:42]} Bxe6 {[%emt 0:
01:13]} 35. Nxe6 {[%emt 0:00:06]} Bxh2+ {[%emt 0:00:11]} 36. Kh1 {[%emt 0:00:
07]} Qxc6 {[%emt 0:00:44]} 37. Kxh2 {[%emt 0:00:33]} Rf6 {[%emt 0:00:38]} 38.
Nxg5 {[%emt 0:01:14]} Ng7 {[%emt 0:00:35]} 39. Nxh7 {[%emt 0:00:31]} Kxh7 {
[%emt 0:00:04]} 40. Bf4 {[%emt 0:00:00]} Nh5 {[%emt 0:00:00]} 41. Re7+ {
[%emt 0:00:47]} 1-0

[Event "FIDE WYCC 2016 U18 girls"]
[Site "Khanty Mansiysk"]
[Date "2016.09.24"]
[Round "3.1"]
[White "Gazikova, Veronika"]
[Black "Tsolakidou, Stavroula"]
[Result "0-1"]
[WhiteElo "2213"]
[BlackElo "2355"]
[Annotator "Reinhold Goldau"]
[PlyCount "78"]
[EventDate "2016.09.??"]
[EventType "swiss"]
[EventRounds "11"]
[EventCountry "RUS"]
[SourceTitle "Youth Database"]
[Source "CBase R.Goldau"]
[SourceDate "2000.03.01"]
[TimeControl "40/5400+30:1800+30"]

1. d4 {[%emt 0:00:00]} Nf6 {[%emt 0:00:00]} 2. Nf3 {[%emt 0:00:00]} e6 {
[%emt 0:00:00]} 3. e3 {[%emt 0:00:05]} b6 {[%emt 0:00:10]} 4. Bd3 {[%emt 0:00:
10]} Bb7 {[%emt 0:00:09]} 5. Nbd2 {[%emt 0:00:18]} c5 {[%emt 0:00:33]} 6. O-O {
[%emt 0:00:20]} Be7 {[%emt 0:01:17]} 7. c3 {[%emt 0:00:39]} cxd4 {[%emt 0:07:
50]} 8. exd4 {[%emt 0:02:28]} d6 {[%emt 0:03:27]} 9. Qe2 {[%emt 0:00:34]} Nbd7
{[%emt 0:01:03]} 10. Nc4 {[%emt 0:01:12]} O-O {[%emt 0:01:37]} 11. Bf4 {
[%emt 0:02:12]} Qc7 {[%emt 0:02:10]} 12. h3 {[%emt 0:06:59]} Rfe8 {[%emt 0:02:
30]} 13. Bh2 {[%emt 0:04:21]} Bf8 {[%emt 0:04:47]} 14. Rae1 {[%emt 0:10:24]} a6
{[%emt 0:05:40]} 15. Nfd2 {[%emt 0:12:14]} b5 {[%emt 0:11:57]} 16. Ne3 {
[%emt 0:00:27]} e5 {[%emt 0:02:04]} 17. dxe5 {[%emt 0:03:17]} dxe5 {[%emt 0:05:
31]} 18. Ng4 {[%emt 0:04:47]} Qc6 {[%emt 0:10:21]} 19. f3 {[%emt 0:04:31]} Nd5
{[%emt 0:08:53]} 20. Bf5 {[%emt 0:07:23]} Nf4 {[%emt 0:12:41]} 21. Bxf4 {
[%emt 0:07:22]} exf4 {[%emt 0:00:27]} 22. Qd3 {[%emt 0:01:20]} Bc5+ {[%emt 0:
04:05]} 23. Kh1 {[%emt 0:00:20]} Nf8 {[%emt 0:00:34]} 24. Ne4 {[%emt 0:04:36]}
Be7 {[%emt 0:03:14]} 25. Qd2 {[%emt 0:08:52]} Qc7 {[%emt 0:01:16]} 26. Nef2 {
[%emt 0:04:19]} h5 {[%emt 0:05:50]} 27. Ne5 {[%emt 0:00:58]} Bc5 {[%emt 0:00:
46]} 28. Ned3 {[%emt 0:04:36]} Be3 {[%emt 0:00:10]} 29. Qc2 {[%emt 0:00:05]}
Rad8 {[%emt 0:00:27]} 30. Be4 {[%emt 0:01:40]} Bc8 {[%emt 0:00:51]} 31. Nb4 {
[%emt 0:00:25]} Rd2 {[%emt 0:02:28]} 32. Qb3 {[%emt 0:05:55]} Be6 {[%emt 0:02:
00]} 33. Nd5 {[%emt 0:00:25]} Qd8 {[%emt 0:01:05]} 34. Rd1 {[%emt 0:00:52]}
Rxf2 {[%emt 0:00:31]} 35. Rxf2 {[%emt 0:01:33]} Bxf2 {[%emt 0:00:05]} 36. Qc2 {
[%emt 0:00:11]} Ba7 {[%emt 0:00:55]} 37. Nxf4 {[%emt 0:00:21]} Qg5 {[%emt 0:00:
31]} 38. Nxe6 {[%emt 0:00:14]} Nxe6 {[%emt 0:00:20]} 39. Rd7 {[%emt 0:00:48]}
Qe3 {[%emt 0:00:18]} 0-1

[Event "FIDE WYCC 2016 U18 girls"]
[Site "Khanty Mansiysk"]
[Date "2016.09.24"]
[Round "3.2"]
[White "Obolentseva, Alexandra"]
[Black "Abdusattorova, Bakhora"]
[Result "1-0"]
[WhiteElo "2331"]
[BlackElo "2177"]
[Annotator "Reinhold Goldau"]
[PlyCount "71"]
[EventDate "2016.09.??"]
[EventType "swiss"]
[EventRounds "11"]
[EventCountry "RUS"]
[SourceTitle "Youth Database"]
[Source "CBase R.Goldau"]
[SourceDate "2000.03.01"]
[TimeControl "40/5400+30:1800+30"]

1. d4 {[%emt 0:00:00]} Nf6 {[%emt 0:00:00]} 2. c4 {[%emt 0:00:00]} e6 {[%emt 0:
00:09]} 3. g3 {[%emt 0:00:00]} d5 {[%emt 0:00:13]} 4. Nf3 {[%emt 0:00:00]} Bb4+
{[%emt 0:00:15]} 5. Bd2 {[%emt 0:00:30]} Be7 {[%emt 0:00:09]} 6. Bg2 {[%emt 0:
00:35]} O-O {[%emt 0:00:16]} 7. O-O {[%emt 0:00:43]} Nbd7 {[%emt 0:00:18]} 8.
Qc2 {[%emt 0:01:07]} Ne4 {[%emt 0:00:36]} 9. Bf4 {[%emt 0:00:30]} c6 {[%emt 0:
00:42]} 10. Rd1 {[%emt 0:00:55]} g5 {[%emt 0:02:34]} 11. Bc1 {[%emt 0:02:10]}
f5 {[%emt 0:02:11]} 12. Nc3 {[%emt 0:03:47]} b6 {[%emt 0:11:57]} 13. Ne1 {
[%emt 0:13:31]} Bb7 {[%emt 0:05:06]} 14. Nxe4 {[%emt 0:01:41]} dxe4 {[%emt 0:
10:51]} 15. f3 {[%emt 0:10:43]} c5 {[%emt 0:06:41]} 16. fxe4 {[%emt 0:00:45]}
cxd4 {[%emt 0:01:24]} 17. exf5 {[%emt 0:00:55]} Bxg2 {[%emt 0:00:10]} 18. Kxg2
{[%emt 0:01:00]} Rxf5 {[%emt 0:27:58]} 19. Nf3 {[%emt 0:00:28]} Qf8 {[%emt 0:
02:23]} 20. Nxd4 {[%emt 0:01:49]} Rf2+ {[%emt 0:08:06]} 21. Kg1 {[%emt 0:00:08]
} Qh6 {[%emt 0:06:06]} 22. h4 {[%emt 0:00:24]} Raf8 {[%emt 0:01:13]} 23. Be3 {
[%emt 0:00:16]} R2f7 {[%emt 0:00:30]} 24. Qe4 {[%emt 0:06:10]} Nc5 {[%emt 0:01:
11]} 25. Qg4 {[%emt 0:01:51]} Qg7 {[%emt 0:02:33]} 26. hxg5 {[%emt 0:09:39]} h5
{[%emt 0:02:21]} 27. Qxh5 {[%emt 0:00:49]} Qe5 {[%emt 0:05:27]} 28. Bf4 {
[%emt 0:00:06]} Rxf4 {[%emt 0:00:42]} 29. gxf4 {[%emt 0:00:44]} Qxf4 {[%emt 0:
00:38]} 30. g6 {[%emt 0:02:47]} Qe3+ {[%emt 0:01:35]} 31. Kh1 {[%emt 0:00:18]}
Kg7 {[%emt 0:00:15]} 32. Qh7+ {[%emt 0:00:16]} Kf6 {[%emt 0:00:01]} 33. Rf1+ {
[%emt 0:00:08]} Ke5 {[%emt 0:00:28]} 34. Nf3+ {[%emt 0:02:33]} Kd6 {[%emt 0:00:
40]} 35. g7 {[%emt 0:00:36]} Rf6 {[%emt 0:00:59]} 36. Qh2+ {[%emt 0:00:08] Kd5}
1-0

[Event "FIDE WYCC 2016 U18 girls"]
[Site "Khanty Mansiysk"]
[Date "2016.09.24"]
[Round "3.3"]
[White "Ghukasyan, Siranush"]
[Black "Heinemann, Josefine"]
[Result "0-1"]
[WhiteElo "2106"]
[BlackElo "2242"]
[Annotator "Reinhold Goldau"]
[PlyCount "92"]
[EventDate "2016.09.??"]
[EventType "swiss"]
[EventRounds "11"]
[EventCountry "RUS"]
[SourceTitle "Youth Database"]
[Source "CBase R.Goldau"]
[SourceDate "2000.03.01"]
[TimeControl "40/5400+30:1800+30"]

1. e4 {[%emt 0:00:00]} c5 {[%emt 0:00:00]} 2. Nf3 {[%emt 0:00:00]} d6 {[%emt 0:
00:00]} 3. d4 {[%emt 0:00:00]} cxd4 {[%emt 0:00:00]} 4. Nxd4 {[%emt 0:00:00]}
Nf6 {[%emt 0:00:06]} 5. Nc3 {[%emt 0:00:00]} a6 {[%emt 0:00:04]} 6. Be3 {
[%emt 0:00:00]} e5 {[%emt 0:01:37]} 7. Nf3 {[%emt 0:00:07]} Be7 {[%emt 0:01:43]
} 8. Bc4 {[%emt 0:00:07]} O-O {[%emt 0:01:25]} 9. O-O {[%emt 0:00:06]} Qc7 {
[%emt 0:01:54]} 10. Bb3 {[%emt 0:00:09]} Be6 {[%emt 0:02:08]} 11. Nh4 {[%emt 0:
00:27]} g6 {[%emt 0:02:10]} 12. Bh6 {[%emt 0:00:48]} Re8 {[%emt 0:01:07]} 13.
Qd2 {[%emt 0:02:01]} Ng4 {[%emt 0:02:55]} 14. Bg5 {[%emt 0:07:30]} Bxg5 {
[%emt 0:02:03]} 15. Qxg5 {[%emt 0:00:07]} Qd8 {[%emt 0:00:17]} 16. Qxd8 {
[%emt 0:10:01]} Rxd8 {[%emt 0:00:05]} 17. Nd5 {[%emt 0:08:43]} Bxd5 {[%emt 0:
04:14]} 18. Bxd5 {[%emt 0:00:11]} Nc6 {[%emt 0:00:50]} 19. Rad1 {[%emt 0:03:01]
} Rac8 {[%emt 0:03:36]} 20. c3 {[%emt 0:05:49]} Kf8 {[%emt 0:06:29]} 21. Rd3 {
[%emt 0:08:01]} Ke7 {[%emt 0:04:41]} 22. g3 {[%emt 0:04:29]} Nf6 {[%emt 0:04:
53]} 23. f4 {[%emt 0:05:25]} Nxd5 {[%emt 0:08:54]} 24. Rxd5 {[%emt 0:03:29]}
Ke6 {[%emt 0:02:44]} 25. f5+ {[%emt 0:03:26]} Ke7 {[%emt 0:00:10]} 26. Ng2 {
[%emt 0:12:44]} Nb8 {[%emt 0:04:20]} 27. Ne3 {[%emt 0:06:10]} Nd7 {[%emt 0:03:
18]} 28. Rd2 {[%emt 0:01:00]} Nb6 {[%emt 0:02:13]} 29. g4 {[%emt 0:02:50]} Ke8
{[%emt 0:04:31]} 30. Kf2 {[%emt 0:04:25]} Nc4 {[%emt 0:03:10]} 31. Nxc4 {
[%emt 0:02:14]} Rxc4 {[%emt 0:00:04]} 32. Ke3 {[%emt 0:00:16]} d5 {[%emt 0:03:
54]} 33. exd5 {[%emt 0:00:25]} Rxg4 {[%emt 0:02:13]} 34. d6 {[%emt 0:03:15]} g5
{[%emt 0:05:20]} 35. Rff2 {[%emt 0:07:39]} f6 {[%emt 0:02:56]} 36. Rf3 {
[%emt 0:02:23]} Rh4 {[%emt 0:01:07]} 37. b3 {[%emt 0:00:31]} Kd7 {[%emt 0:01:
18]} 38. Rf1 {[%emt 0:00:36]} Rh3+ {[%emt 0:02:35]} 39. Ke4 {[%emt 0:00:03]}
Rxc3 {[%emt 0:00:47]} 40. Rfd1 {[%emt 0:00:00]} Rdc8 {[%emt 0:00:00]} 41. Rg1 {
[%emt 0:14:11]} h5 {[%emt 0:02:11]} 42. Rg3 {[%emt 0:03:19]} Rc2 {[%emt 0:02:
03]} 43. Rgd3 {[%emt 0:03:00]} Rxd2 {[%emt 0:00:13]} 44. Rxd2 {[%emt 0:00:06]}
Rc6 {[%emt 0:00:43]} 45. Ke3 {[%emt 0:00:45]} Rxd6 {[%emt 0:00:12]} 46. Rc2 {
[%emt 0:00:04]} Rd4 {[%emt 0:00:24] Kxd4} 0-1